[Event "Berlin-ch"]
[Site "Berlin"]
[Date "2011.04.26"]
[Round "4"]
[White "Keskowski, Thilo"]
[Black "Poppner, Dietmar"]
[Result "1-0"]
[WhiteElo "2129"]
[BlackElo "2069"]
[PlyCount "73"]
[EventDate "2011.04.23"]
[EventType "swiss"]
[EventRounds "9"]
[EventCountry "GER"]
[SourceTitle "CBM 142 Extra"]
[Source "ChessBase"]
[SourceDate "2011.06.27"]
[SourceVersion "1"]
[SourceVersionDate "2011.06.27"]
[SourceQuality "1"]

1. c4 e6 2. g3 d5 3. Bg2 Nf6 4. Nf3 c5 5. 0-0 Nc6 6. b3 Be7 7. e3 0-0 8. Qe2 Nb4 9. Ne1 dxc4 10. bxc4 Qc7 11. a3 Nc6 12. Nc3 a6 13. Rb1 Rb8 14. f4 Ne8 15. Ne4 f5 16. Ng5 h6 17. Ngf3 Bf6 18. Nd3 Qd6 19. Bb2 b5 20. Be5 Bxe5 21. fxe5 Qe7 22. Nh4 Qc7 23. cxb5 axb5 24. Nxc5 Nxe5 25. d4 g5 26. Nf3 Nxf3+ 27. Bxf3 g4 28. Bg2 e5 29. Rxb5 Rxb5 30. Qxb5 exd4 31. exd4 f4 32. gxf4 Nf6 33. f5 Nh5 34. Ne6 Bxe6 35. fxe6 Nf4 36. Qd7 Qc3 37. Kh1 1-0

[Event "Berlin Lichtenrade op 04th"]
[Site "Berlin"]
[Date "2008.10.20"]
[Round "3"]
[White "Poppner, Dietmar"]
[Black "Meister, Jakob"]
[Result "0-1"]
[WhiteElo "2111"]
[BlackElo "2481"]
[PlyCount "80"]
[EventDate "2008.10.18"]
[EventType "swiss"]
[EventRounds "9"]
[EventCountry "GER"]
[SourceTitle "CBM 126 Extra"]
[Source "ChessBase"]
[SourceDate "2008.11.05"]
[SourceVersion "1"]
[SourceVersionDate "2008.11.05"]
[SourceQuality "1"]

1. f4 c5 2. b3 e5 3. fxe5 d6 4. Nf3 dxe5 5. e4 Bd6 6. Bb5+ Nd7 7. Bb2 a6 8. Bc4 Ngf6 9. Nc3 b5 10. Bd5 Ra7 11. Qe2 0-0 12. a3 Nb6 13. 0-0 b4 14. axb4 cxb4 15. Na4 Nbxd5 16. exd5 Nxd5 17. Qf2 Re7 18. Rae1 Qc7 19. d3 Bd7 20. Ng5 f5 21. Ne4 Bxa4 22. bxa4 Nc3 23. Bxc3 bxc3 24. Rb1 Re6 25. Nxd6 Rxd6 26. Rb3 Rh6 27. h3 Rg6 28. Rfb1 h6 29. Rb7 Qa5 30. Rb8 Rgf6 31. Rxf8+ Rxf8 32. Re1 Kh8 33. Qe3 Qxa4 34. Qxe5 Qxc2 35. d4 Qd2 36. Qe3 Rd8 37. Qxd2 cxd2 38. Rd1 Rxd4 39. Kf2 Kh7 40. Ke3 Rd5 0-1

[Event "Berlin Herbst op"]
[Site "Berlin"]
[Date "2007.10.21"]
[Round "8"]
[White "Poppner, Dietmar"]
[Black "Mueller, Peter"]
[Result "1/2-1/2"]
[WhiteElo "2112"]
[BlackElo "2003"]
[PlyCount "192"]
[EventDate "2007.10.14"]
[EventType "swiss"]
[EventRounds "9"]
[EventCountry "GER"]
[SourceTitle "EXT 2008"]
[Source "ChessBase"]
[SourceDate "2007.11.25"]
[SourceVersion "1"]
[SourceVersionDate "2007.11.25"]
[SourceQuality "1"]

1. e4 e5 2. Nf3 Nc6 3. d4 exd4 4. Nxd4 Bc5 5. Nxc6 Qf6 6. Qf3 bxc6 7. Nc3 Qxf3 8. gxf3 Rb8 9. Na4 Be7 10. Be3 Nf6 11. Rg1 0-0 12. b3 a5 13. Bd3 Ne8 14. Bd2 Bf6 15. 0-0-0 Ra8 16. f4 d6 17. f5 Bd7 18. f4 Bd4 19. Rg3 c5 20. c3 Bf6 21. Bc4 Bc6 22. Bd5 Bxd5 23. exd5 g6 24. fxg6 fxg6 25. c4 Ng7 26. Rf3 Nf5 27. Re1 Nd4 28. Rff1 Kf7 29. Nc3 Rfe8 30. Ne4 a4 31. Ng5+ Bxg5 32. fxg5+ Nf5 33. Rxe8 Kxe8 34. b4 cxb4 35. Bxb4 Kd7 36. Re1 a3 37. Kc2 Nd4+ 38. Kc3 Nf3 39. Rf1 Nxg5 40. Kb3 Re8 41. h4 Re3+ 42. Ka4 Rf3 43. Re1 Nf7 44. Re4 Ne5 45. Bxa3 Nd3 46. Bb4 h6 47. Kb5 Rf8 48. a3 g5 49. hxg5 hxg5 50. Rg4 Rf5 51. Rd4 Ne5 52. Ka6 g4 53. c5 dxc5 54. Bxc5 g3 55. Kb7 g2 56. Rh4 Rf1 57. Rh7+ Nf7 58. Rg7 Rb1+ 59. Ka6 g1Q 60. Bxg1 Ke7 61. Bc5+ Kf6 62. Bd4+ Ke7 63. Bc5+ Kf6 64. Bd4+ Ke7 65. Rg6 Nd6 66. Bc5 Rd1 67. Rg7+ Kd8 68. Rg8+ Kd7 69. Rg7+ Kc8 70. Bxd6 cxd6 71. Rg5 Rd4 72. Rg3 Rd1 73. Rg8+ Kc7 74. Rg7+ Kc8 75. Kb6 Rxd5 76. a4 Rd1 77. Rg8+ Kd7 78. a5 Rb1+ 79. Ka7 d5 80. Rg6 d4 81. Rb6 Ra1 82. a6 Rc1 83. Rb4 Rc7+ 84. Kb6 Rc6+ 85. Kb5 Rc7 86. Rxd4+ Kc8 87. Kb6 Rc1 88. Rd6 Rb1+ 89. Ka7 Kc7 90. Rg6 Ra1 91. Rg7+ Kc6 92. Rb7 Ra2 93. Rb1 Rc2 94. Kb8 Rd2 95. Ka8 Kc7 96. a7 Rc2 1/2-1/2

[Event "Zehlendorf op"]
[Site "Berlin"]
[Date "2007.10.14"]
[Round "1"]
[White "Kross, Thomas"]
[Black "Poppner, Dietmar"]
[Result "0-1"]
[WhiteElo "1550"]
[BlackElo "1968"]
[PlyCount "112"]
[EventDate "2007.10.11"]
[EventType "swiss"]
[EventRounds "7"]
[EventCountry "GER"]
[SourceTitle "EXT 2010"]
[Source "ChessBase"]
[SourceDate "2010.11.25"]
[SourceVersion "1"]
[SourceVersionDate "2010.11.25"]
[SourceQuality "1"]

1. d4 Nf6 2. Nf3 d5 3. e3 Bf5 4. c4 c6 5. Bd3 Bg6 6. 0-0 dxc4 7. Bxc4 Nbd7 8. Nc3 e6 9. a3 Bd6 10. Bd3 e5 11. Bxg6 hxg6 12. e4 Qc7 13. d5 Nb6 14. dxc6 bxc6 15. h3 Nh5 16. Qb3 Rb8 17. Qa2 a5 18. Be3 Nf4 19. Rfd1 Qe7 20. Rd2 Bc7 21. Rad1 Qe6 22. Qxe6+ Nxe6 23. Bxb6 Rxb6 24. Na4 Ra6 25. Rd7 0-0 26. h4 Raa8 27. Ng5 Nxg5 28. hxg5 Bd8 29. R1d6 Bxg5 30. Rxc6 Rfd8 31. Rcc7 Rxd7 32. Rxd7 Rc8 33. Rd5 Rc1+ 34. Kh2 Rc4 35. b3 Rxe4 36. Rxa5 Bf4+ 37. g3 Bc1 38. Nc5 Rd4 39. b4 Rd2 40. Kg2 Ra2 41. a4 Be3 42. Kf3 Bxf2 43. Nd3 Bxg3 44. Kxg3 Ra3 45. Rxe5 Rxd3+ 46. Kf2 f5 47. a5 Ra3 48. Ke2 Kf7 49. Rb5 f4 50. Rb6 g5 51. a6 g4 52. b5 Ra2+ 53. Kd3 g3 54. Rc6 g2 55. Rc1 f3 56. Rg1 f2 0-1

[Event "Berlin op 09"]
[Site "Berlin"]
[Date "2006.10.05"]
[Round "6"]
[White "Schlueter, Bernd"]
[Black "Poppner, Dietmar"]
[Result "0-1"]
[WhiteElo "1825"]
[BlackElo "2149"]
[PlyCount "54"]
[EventDate "2006.09.30"]
[EventType "swiss"]
[EventRounds "9"]
[EventCountry "GER"]
[SourceTitle "EXT 2007"]
[Source "ChessBase"]
[SourceDate "2006.11.23"]
[SourceVersion "1"]
[SourceVersionDate "2006.11.23"]
[SourceQuality "1"]

1. d4 d5 2. Nf3 c5 3. c4 e6 4. Nc3 cxd4 5. Nxd4 Nf6 6. Bg5 Be7 7. cxd5 Nxd5 8. Bxe7 Nxe7 9. g3 Nbc6 10. Nxc6 Qxd1+ 11. Rxd1 Nxc6 12. Bg2 Ke7 13. Bxc6 bxc6 14. 0-0 Ba6 15. Rd2 Rhd8 16. Rfd1 Rxd2 17. Rxd2 Rb8 18. e4 e5 19. a3 Bc4 20. Na4 Be6 21. Nc5 Rb5 22. Nxe6 Kxe6 23. Kf1 g6 24. Ke2 f5 25. f3 Rb3 26. h4 fxe4 27. fxe4 Rxg3 0-1

[Event "Berlin op 09"]
[Site "Berlin"]
[Date "2006.10.01"]
[Round "2"]
[White "Binder, Thomas"]
[Black "Poppner, Dietmar"]
[Result "0-1"]
[WhiteElo "1855"]
[BlackElo "2149"]
[PlyCount "56"]
[EventDate "2006.09.30"]
[EventType "swiss"]
[EventRounds "9"]
[EventCountry "GER"]
[SourceTitle "EXT 2007"]
[Source "ChessBase"]
[SourceDate "2006.11.23"]
[SourceVersion "1"]
[SourceVersionDate "2006.11.23"]
[SourceQuality "1"]

1. e4 c5 2. d4 cxd4 3. c3 dxc3 4. Nxc3 Nc6 5. Nf3 e6 6. Bc4 Qc7 7. 0-0 a6 8. Qe2 Nf6 9. e5 Ng4 10. Bf4 Be7 11. h3 Nh6 12. Bxh6 gxh6 13. Rac1 b5 14. Bb3 Bb7 15. Ne4 Rg8 16. Rfd1 Rd8 17. Qd2 Nxe5 18. Kf1 Nxf3 19. gxf3 Qe5 20. Re1 Qh5 21. Qf4 Bxe4 22. Qxe4 Qxh3+ 23. Ke2 f5 24. Qb7 Rg2 25. Rh1 Qg3 26. Rhf1 Qe5+ 27. Kd1 Qd4+ 28. Ke2 Bh4 0-1

[Event "Berlin op 04"]
[Site "Berlin"]
[Date "2006.04.21"]
[Round "7"]
[White "Poppner, Dietmar"]
[Black "Boettcher, Patrick"]
[Result "1/2-1/2"]
[WhiteElo "2003"]
[BlackElo "2062"]
[PlyCount "87"]
[EventDate "2006.04.14"]
[EventType "swiss"]
[EventRounds "9"]
[EventCountry "GER"]
[SourceTitle "EXT 2007"]
[Source "ChessBase"]
[SourceDate "2006.11.23"]
[SourceVersion "1"]
[SourceVersionDate "2006.11.23"]
[SourceQuality "1"]

1. b3 Nf6 2. Bb2 c5 3. f4 g6 4. Nf3 Bg7 5. e3 0-0 6. Be2 d6 7. c4 e5 8. fxe5 Ng4 9. 0-0 Nc6 10. h3 Ngxe5 11. Nxe5 dxe5 12. Nc3 f5 13. d3 Be6 14. Bf3 Nb4 15. Bxb7 Rb8 16. Bd5 Nxd5 17. cxd5 Bxd5 18. Nxd5 Qxd5 19. Qc2 Rfd8 20. e4 Qxd3 21. Qxd3 Rxd3 22. exf5 c4 23. f6 c3 24. Bxc3 Rxc3 25. fxg7 Kxg7 26. Rad1 Rb7 27. Rd5 Re7 28. Rf3 Rxf3 29. gxf3 Kf6 30. Kf2 Kf5 31. Ke3 Rc7 32. b4 Rc3+ 33. Rd3 Rxd3+ 34. Kxd3 Kf4 35. Ke2 e4 36. b5 exf3+ 37. Kf2 Ke4 38. a4 Kd5 39. a5 Kc5 40. b6 axb6 41. axb6 Kxb6 42. Kxf3 Kc5 43. Kf4 Kd4 44. Kg5 1/2-1/2

[Event "Berlin op 04"]
[Site "Berlin"]
[Date "2006.04.15"]
[Round "1"]
[White "Schmidt, Michael3333"]
[Black "Poppner, Dietmar"]
[Result "0-1"]
[WhiteElo "1613"]
[BlackElo "2003"]
[PlyCount "42"]
[EventDate "2006.04.14"]
[EventType "swiss"]
[EventRounds "9"]
[EventCountry "GER"]
[SourceTitle "EXT 2007"]
[Source "ChessBase"]
[SourceDate "2006.11.23"]
[SourceVersion "1"]
[SourceVersionDate "2006.11.23"]
[SourceQuality "1"]

1. e4 c5 2. d3 g6 3. f4 Bg7 4. Nf3 Nc6 5. c3 d5 6. e5 Bg4 7. Be2 e6 8. h3 Bxf3 9. Bxf3 Qh4+ 10. Kf1 f6 11. d4 fxe5 12. fxe5 cxd4 13. cxd4 Qxd4 14. Qb3 Nge7 15. Nc3 0-0 16. Bg5 Qxe5 17. Bxe7 Nxe7 18. Re1 Qd6 19. Kg1 Bd4+ 20. Kf1 Qg3 21. Nd1 Rxf3+ 0-1

[Event "Berlin Lichtenrade op 02nd"]
[Site "Berlin"]
[Date "2005.10.04"]
[Round "4"]
[White "Koerner, Helmut"]
[Black "Poppner, Dietmar"]
[Result "1/2-1/2"]
[WhiteElo "1945"]
[BlackElo "2160"]
[PlyCount "119"]
[EventDate "2005.10.01"]
[EventType "swiss"]
[EventRounds "9"]
[EventCountry "GER"]
[SourceTitle "CBM 108 Extra"]
[Source "ChessBase"]
[SourceDate "2005.11.04"]
[SourceVersion "1"]
[SourceVersionDate "2005.11.04"]
[SourceQuality "1"]

1. b4 d5 2. Bb2 Qd6 3. a3 e5 4. e3 Be6 5. Nf3 f6 6. d4 e4 7. Nfd2 c6 8. c4 Nd7 9. Nc3 f5 10. cxd5 Bxd5 11. Nc4 Qe6 12. Nxd5 cxd5 13. Na5 b6 14. Nb3 Bd6 15. Rc1 Ne7 16. g3 0-0 17. Ba6 Rad8 18. Qd2 Nb8 19. Be2 Rc8 20. 0-0 Rxc1 21. Rxc1 g5 22. f4 gxf4 23. gxf4 Rf7 24. Kh1 Rg7 25. Rg1 Rxg1+ 26. Kxg1 Qg6+ 27. Kh1 Nd7 28. Qe1 Nf6 29. Bc1 Kf8 30. b5 Qh6 31. a4 Ng6 32. Na1 Ng4 33. Qg1 Qh4 34. Bxg4 fxg4 35. Qg3 Qxg3 36. hxg3 Ne7 37. Nc2 Nf5 38. Kg2 Ke8 39. Bd2 Kd7 40. Kf2 h5 41. Be1 Be7 42. Ke2 Kc8 43. Kf1 Kb7 44. Kf2 a5 45. bxa6+ Kxa6 46. Bb4 b5 47. axb5+ Kxb5 48. Bxe7 Nxe7 49. Ne1 Kc6 50. Ng2 Kd6 51. Nh4 Ke6 52. Ke2 Kf6 53. Kf2 Nc6 54. Ng2 Nb4 55. Ke2 Nd3 56. Nh4 Nb2 57. Ng2 Nc4 58. Nh4 Nd6 59. Kf2 Nc4 60. Ke2 1/2-1/2

[Event "Berlin Lichtenrade op 02nd"]
[Site "Berlin"]
[Date "2005.10.02"]
[Round "2"]
[White "Meister, Jakob"]
[Black "Poppner, Dietmar"]
[Result "1-0"]
[WhiteElo "2503"]
[BlackElo "2160"]
[PlyCount "41"]
[EventDate "2005.10.01"]
[EventType "swiss"]
[EventRounds "9"]
[EventCountry "GER"]
[SourceTitle "CBM 108 Extra"]
[Source "ChessBase"]
[SourceDate "2005.11.04"]
[SourceVersion "1"]
[SourceVersionDate "2005.11.04"]
[SourceQuality "1"]

1. c4 c5 2. Nc3 Nc6 3. e3 Nf6 4. d4 cxd4 5. exd4 d5 6. Bg5 e6 7. Nf3 Be7 8. Bd3 0-0 9. 0-0 dxc4 10. Bxc4 b6 11. a3 Bb7 12. Ba2 Rc8 13. Qd3 g6 14. Rad1 a6 15. Rfe1 b5 16. Bh6 Re8 17. d5 exd5 18. Nxd5 Nxd5 19. Bxd5 Na5 20. Rxe7 Qxe7 21. Qd4 1-0

[Event "Berlin op 03"]
[Site "Berlin"]
[Date "2005.03.28"]
[Round "3"]
[White "Poppner, Dietmar"]
[Black "Bader, Arnd"]
[Result "1-0"]
[WhiteElo "1998"]
[BlackElo "1822"]
[PlyCount "129"]
[EventDate "2005.03.25"]
[EventType "swiss"]
[EventRounds "9"]
[EventCountry "GER"]
[SourceTitle "EXT 2007"]
[Source "ChessBase"]
[SourceDate "2006.11.23"]
[SourceVersion "1"]
[SourceVersionDate "2006.11.23"]
[SourceQuality "1"]

1. f4 e5 2. fxe5 d6 3. Nf3 dxe5 4. Nxe5 Bd6 5. Nf3 Nf6 6. e3 Ng4 7. Qe2 Nc6 8. d3 0-0 9. Na3 Re8 10. c3 Bf4 11. Nc2 Bf5 12. Nfd4 Nxd4 13. cxd4 Qh4+ 14. g3 Bxg3+ 15. hxg3 Qxh1 16. Bd2 Qh2 17. Qf3 Bd7 18. e4 Nf6 19. Ne3 Qh5 20. Qxh5 Nxh5 21. Nd5 Rac8 22. Kf2 c6 23. Ne3 Rcd8 24. Be2 g6 25. Bc3 Ng7 26. g4 Ne6 27. Kg3 Nc7 28. a4 Nd5 29. Nc4 Nxc3 30. bxc3 Be6 31. Na5 Rd7 32. Kf4 b6 33. Nc4 f6 34. Bf3 g5+ 35. Kg3 Kg7 36. Ne3 Red8 37. Kf2 Kf7 38. Nc2 Rc7 39. Ke3 Re8 40. Kd2 Rd8 41. c4 c5 42. d5 Bc8 43. Rh1 Kg8 44. Ne3 Bd7 45. Ra1 Kf8 46. Kc3 Ke7 47. d4 Kd6 48. Rh1 Bc8 49. Rh6 cxd4+ 50. Kxd4 Rf7 51. e5+ Ke7 52. exf6+ Rxf6 53. Rxh7+ Kd6 54. Be4 Rf4 55. Rh6+ Kc7 56. Rh7+ Kb8 57. Re7 Bd7 58. a5 Re8 59. Rxe8+ Bxe8 60. axb6 axb6 61. Ke5 Bd7 62. Bf5 Kc7 63. d6+ Kc6 64. Nd5 Rf1 65. Ne7+ 1-0

[Event "Berlin op 03"]
[Site "Berlin"]
[Date "2005.03.27"]
[Round "2"]
[White "Schirrmacher, Carsten"]
[Black "Poppner, Dietmar"]
[Result "0-1"]
[WhiteElo "1755"]
[BlackElo "1998"]
[PlyCount "116"]
[EventDate "2005.03.25"]
[EventType "swiss"]
[EventRounds "9"]
[EventCountry "GER"]
[SourceTitle "EXT 2007"]
[Source "ChessBase"]
[SourceDate "2006.11.23"]
[SourceVersion "1"]
[SourceVersionDate "2006.11.23"]
[SourceQuality "1"]

1. Nf3 c5 2. c4 Nc6 3. Nc3 g6 4. d4 cxd4 5. Nxd4 Bg7 6. e3 Nf6 7. Be2 0-0 8. 0-0 d6 9. b3 Nxd4 10. exd4 d5 11. Bb2 Be6 12. Rc1 b6 13. Bf3 Qd7 14. Re1 Rfe8 15. h3 h5 16. Qd2 Rad8 17. cxd5 Bxd5 18. Nxd5 Nxd5 19. Bxd5 Qxd5 20. Rc7 Rd7 21. Rxd7 Qxd7 22. Ba3 e6 23. d5 exd5 24. Rxe8+ Qxe8 25. Bb2 Qe4 26. Bxg7 Kxg7 27. f3 Qe5 28. Kf2 g5 29. a3 h4 30. b4 Kf6 31. a4 Ke6 32. a5 b5 33. Kf1 Kd7 34. Qd3 a6 35. Qd2 d4 36. Kf2 Kd6 37. Qd3 f5 38. Qc2 Qe3+ 39. Kf1 d3 40. Qc8 Qe2+ 41. Kg1 Qe1+ 42. Kh2 Qe5+ 43. Kh1 Qa1+ 44. Kh2 Qe5+ 45. Kh1 Qd5 46. Qb8+ Kd7 47. Qa7+ Ke6 48. Qb6+ Qd6 49. Qe3+ Kf6 50. Qd2 Qd4 51. Kh2 Qf4+ 52. Qxf4 gxf4 53. g4 d2 54. gxf5 d1Q 55. Kg2 Qe2+ 56. Kh1 Qxf3+ 57. Kh2 Qg3+ 58. Kh1 Kg5 0-1

[Event "Berlin op 03"]
[Site "Berlin"]
[Date "2005.03.26"]
[Round "1"]
[White "Poppner, Dietmar"]
[Black "Baumeister, Wolfgang"]
[Result "1-0"]
[WhiteElo "1998"]
[BlackElo "1668"]
[PlyCount "71"]
[EventDate "2005.03.25"]
[EventType "swiss"]
[EventRounds "9"]
[EventCountry "GER"]
[SourceTitle "EXT 2007"]
[Source "ChessBase"]
[SourceDate "2006.11.23"]
[SourceVersion "1"]
[SourceVersionDate "2006.11.23"]
[SourceQuality "1"]

1. e4 e5 2. Bc4 Nf6 3. Nc3 Bc5 4. d3 d6 5. Nf3 h6 6. h3 a6 7. a3 Qe7 8. b4 Ba7 9. Qe2 Be6 10. Be3 Bxc4 11. dxc4 Bxe3 12. Qxe3 c6 13. Rd1 0-0 14. Nh4 Rd8 15. Nf5 Qf8 16. g4 Kh7 17. g5 Ng8 18. Na4 b5 19. Nb6 Ra7 20. Ke2 Rb7 21. c5 Rxb6 22. cxb6 g6 23. Nxh6 Nxh6 24. gxh6 Nd7 25. h4 Rb8 26. h5 Nxb6 27. hxg6+ fxg6 28. Rh3 Nc4 29. Qa7+ Kh8 30. Rf3 Qg8 31. Rg1 Ra8 32. Qb7 Rb8 33. Qxc6 Ra8 34. Rxg6 Qxg6 35. Qxa8+ Kh7 36. Qb7+ 1-0

[Event "Berlin Kreuzberg op 5th"]
[Site "Berlin"]
[Date "2004.06.29"]
[Round "4"]
[White "Poppner, Dietmar"]
[Black "Sechting, Martin"]
[Result "1/2-1/2"]
[WhiteElo "2160"]
[BlackElo "2013"]
[PlyCount "91"]
[EventDate "2004.06.26"]
[EventType "swiss"]
[EventRounds "9"]
[EventCountry "GER"]
[SourceTitle "EXT 2022"]
[Source "ChessBase"]
[SourceDate "2021.10.06"]
[SourceVersion "1"]
[SourceVersionDate "2021.10.06"]
[SourceQuality "1"]

1. f4 d5 2. Nf3 g6 3. c4 d4 4. e4 dxe3 5. d4 c5 6. Nc3 cxd4 7. Qxd4 Qxd4 8. Nxd4 Nc6 9. Ndb5 Nb4 10. Nc7+ Kd8 11. Nxa8 Nc2+ 12. Kd1 Nxa1 13. Bxe3 b6 14. Bd3 Bb7 15. Be4 Kc8 16. Nxb6+ axb6 17. Bxb6 Bg7 18. Bxb7+ Kxb7 19. Ba5 Ka6 20. Bb4 Nh6 21. Kc1 Rb8 22. Nd5 Rb7 23. Bc3 Bxc3 24. Nxc3 Rb4 25. b3 Nxb3+ 26. axb3 Rxb3 27. Kc2 Rb4 28. Kd3 Rb2 29. Ra1+ Kb7 30. Rb1 Rxb1 31. Nxb1 Kc6 32. Nc3 f6 33. Nd5 Kd6 34. h3 Nf7 35. g3 Nd8 36. Nc3 Ne6 37. Ne4+ Kc6 38. Ke3 h5 39. Nc3 Kc5 40. Nd5 Kd6 41. Nb6 Kc6 42. Nd5 Kd6 43. g4 hxg4 44. hxg4 f5 45. g5 Nc5 46. Kd4 1/2-1/2

[Event "Berlin Neukoelln op 10th"]
[Site "Berlin"]
[Date "2004.05.07"]
[Round "3"]
[White "Poppner, Dietmar"]
[Black "Wolf, Christian"]
[Result "1-0"]
[WhiteElo "2024"]
[BlackElo "1988"]
[PlyCount "79"]
[EventDate "2004.04.25"]
[EventType "swiss"]
[EventRounds "7"]
[EventCountry "GER"]
[SourceTitle "EXT 2022"]
[Source "ChessBase"]
[SourceDate "2021.10.06"]
[SourceVersion "1"]
[SourceVersionDate "2021.10.06"]
[SourceQuality "1"]

1. f4 d5 2. b3 c5 3. e3 Nf6 4. Nf3 e6 5. Bb2 Be7 6. Ne5 0-0 7. Bd3 b6 8. 0-0 Bb7 9. Rf3 Ne4 10. Rh3 g6 11. Bxe4 dxe4 12. Ng4 f6 13. Nh6+ Kg7 14. Qg4 Qd7 15. Qh4 Rh8 16. g4 Nc6 17. g5 e5 18. Ng4 Qf5 19. gxf6+ Bxf6 20. Nxf6 Qxf6 21. Qh6+ Kg8 22. Na3 Ba6 23. Nc4 Bxc4 24. bxc4 Rf8 25. Rg3 Qe6 26. Rf1 Rf5 27. d3 exd3 28. cxd3 Rf7 29. h4 exf4 30. Rxf4 Ne7 31. Rxf7 Qxf7 32. e4 Nc6 33. Bxh8 Kxh8 34. Qg5 Nd4 35. Qe5+ Kg8 36. Qb8+ Kg7 37. Qe5+ Kg8 38. Kg2 Nc2 39. Qd5 Ne3+ 40. Rxe3 1-0

[Event "Berlin Neukoelln op 10th"]
[Site "Berlin"]
[Date "2004.04.23"]
[Round "1"]
[White "Poppner, Dietmar"]
[Black "Kleemeyer, Olaf"]
[Result "1-0"]
[WhiteElo "2024"]
[BlackElo "1610"]
[PlyCount "75"]
[EventDate "2004.04.25"]
[EventType "swiss"]
[EventRounds "7"]
[EventCountry "GER"]
[SourceTitle "EXT 2022"]
[Source "ChessBase"]
[SourceDate "2021.10.06"]
[SourceVersion "1"]
[SourceVersionDate "2021.10.06"]
[SourceQuality "1"]

1. f4 d5 2. b3 Nf6 3. Nf3 g6 4. Bb2 Bg7 5. e3 0-0 6. Be2 c5 7. 0-0 Nc6 8. Ne5 Qc7 9. Bf3 Rd8 10. Nxc6 Qxc6 11. c4 Qe8 12. Qe2 Bf5 13. g4 Be4 14. d3 Bxf3 15. Qxf3 Qc6 16. g5 Ne8 17. Bxg7 Nxg7 18. e4 dxe4 19. dxe4 Rd4 20. Nc3 e6 21. Rae1 Rad8 22. e5 Qxf3 23. Rxf3 Nf5 24. Ne4 b6 25. Nf6+ Kg7 26. Rh3 h5 27. gxh6+ Nxh6 28. Rf1 Rd2 29. a4 R2d3 30. Ne8+ Kh7 31. Rxd3 Rxd3 32. Rb1 Rd4 33. Nd6 Rxf4 34. Nc8 a5 35. Nxb6 Re4 36. Nd7 Ng4 37. Nxc5 Nxe5 38. Nxe4 1-0

[Event "Berlin op 04"]
[Site "Berlin"]
[Date "2004.04.13"]
[Round "4"]
[White "Sebastian, Martin"]
[Black "Poppner, Dietmar"]
[Result "0-1"]
[WhiteElo "1945"]
[BlackElo "2028"]
[PlyCount "72"]
[EventDate "2004.04.10"]
[EventType "swiss"]
[EventRounds "9"]
[EventCountry "GER"]
[SourceTitle "EXT 2007"]
[Source "ChessBase"]
[SourceDate "2006.11.23"]
[SourceVersion "1"]
[SourceVersionDate "2006.11.23"]
[SourceQuality "1"]

1. d4 d5 2. Nf3 c5 3. e3 e6 4. c3 Nc6 5. Bd3 Nf6 6. Nbd2 Bd6 7. 0-0 0-0 8. Re1 e5 9. e4 dxe4 10. Nxe4 cxd4 11. Nxf6+ Qxf6 12. Bg5 Qe6 13. cxd4 f6 14. d5 Qe7 15. dxc6 fxg5 16. h4 gxh4 17. Nxe5 Bxe5 18. Qh5 g6 19. Rxe5 Qf6 20. Rg5 Kg7 21. Qxh4 bxc6 22. Re1 Be6 23. Qg3 Bxa2 24. Rge5 Rf7 25. b4 Qf4 26. Qxf4 Rxf4 27. Rc1 Rd8 28. Be2 Bd5 29. b5 Rd6 30. bxc6 Bxc6 31. Re7+ Rf7 32. Rxf7+ Kxf7 33. Ra1 Rd7 34. Ra6 Bd5 35. f3 Re7 36. Kf2 Rxe2+ 0-1

[Event "Berlin Kreuzberg op 4th"]
[Site "Berlin"]
[Date "2003.07.06"]
[Round "2"]
[White "Von Loehneysen, Leonard"]
[Black "Poppner, Dietmar"]
[Result "0-1"]
[WhiteElo "2037"]
[BlackElo "2164"]
[PlyCount "82"]
[EventDate "2003.07.05"]
[EventType "swiss"]
[EventRounds "9"]
[EventCountry "GER"]
[SourceTitle "EXT 2022"]
[Source "ChessBase"]
[SourceDate "2021.10.06"]
[SourceVersion "1"]
[SourceVersionDate "2021.10.06"]
[SourceQuality "1"]

1. c4 e6 2. Nc3 d5 3. cxd5 exd5 4. d4 c5 5. Nf3 Nc6 6. e3 Nf6 7. Be2 Bd6 8. dxc5 Bxc5 9. 0-0 0-0 10. a3 a6 11. b4 Bd6 12. Bb2 Bg4 13. Nd4 Bxe2 14. Ncxe2 Rc8 15. Nf3 Ne7 16. Bxf6 gxf6 17. Rc1 Rxc1 18. Qxc1 Qc8 19. Qb2 Qf5 20. Ned4 Qh5 21. Rc1 Ng6 22. Qc2 Ne5 23. Nxe5 fxe5 24. Nf5 Rd8 25. Nxd6 Rxd6 26. Qc8+ Kg7 27. Qxb7 d4 28. exd4 exd4 29. Qf3 Qg6 30. Qg3 Qxg3 31. hxg3 Kf6 32. Kf1 d3 33. Rd1 Ke5 34. a4 Kd4 35. b5 axb5 36. axb5 Rh6 37. Ke1 Re6+ 38. Kf1 Kc3 39. Ra1 Kb2 40. Rd1 Kc2 41. Ra1 d2 0-1